Автоматизация процессов анализа водных сред с использованием ЛИУС "Химик-аналитик"; Водоочистка. Водоподготовка. Водоснабжение; Т. 55, № 7

Bibliographische Detailangaben
Parent link:Водоочистка. Водоподготовка. Водоснабжение: производственно-технический и научно-практический журнал.— , 2008-
Т. 55, № 7.— 2012.— [С. 40-44]
1. Verfasser: Терещенко А. Г. Анатолий Георгиевич
Weitere Verfasser: Юнак А. Л. Александр Львович
Zusammenfassung:Заглавие с экрана
Представлен опыт автоматизации бизнес-процессов анализа водных сред с использованием лабораторной информационно-управляющей системы (ЛИУС) "Химик-аналитик". ЛИУС успешно эксплуатируется в лабораториях различных отраслей: металлургия, добыча полезных ископаемых, транспортировка и отгрузка нефти и газа, водоканалы, тепловая и атомная энергетика. Используется в экологической деятельности и охране окружающей среды и т.п.
Режим доступа: по договору с организацией-держателем ресурса
Sprache:Russisch
Veröffentlicht: 2012
Schlagworte:
Online-Zugang:http://elibrary.ru/item.asp?id=17950496&
Format: Elektronisch Buchkapitel
KOHA link:https://koha.lib.tpu.ru/cgi-bin/koha/opac-detail.pl?biblionumber=636268

MARC

LEADER 00000nla0a2200000 4500
001 636268
005 20250319130937.0
035 |a (RuTPU)RU\TPU\network\163 
090 |a 636268 
100 |a 20131028d2012 k||y0rusy50 ca 
101 0 |a rus 
102 |a RU 
135 |a drcn ---uucaa 
181 0 |a i  
182 0 |a b 
200 1 |a Автоматизация процессов анализа водных сред с использованием ЛИУС "Химик-аналитик"  |f А. Г. Терещенко, А. Л. Юнак 
203 |a Текст  |c электронный 
300 |a Заглавие с экрана 
320 |a [Библиогр.: с. 44 (19 назв.)] 
330 |a Представлен опыт автоматизации бизнес-процессов анализа водных сред с использованием лабораторной информационно-управляющей системы (ЛИУС) "Химик-аналитик". ЛИУС успешно эксплуатируется в лабораториях различных отраслей: металлургия, добыча полезных ископаемых, транспортировка и отгрузка нефти и газа, водоканалы, тепловая и атомная энергетика. Используется в экологической деятельности и охране окружающей среды и т.п. 
333 |a Режим доступа: по договору с организацией-держателем ресурса 
461 |t Водоочистка. Водоподготовка. Водоснабжение  |o производственно-технический и научно-практический журнал  |d 2008- 
463 |t Т. 55, № 7  |v [С. 40-44]  |d 2012 
610 1 |a электронный ресурс 
610 1 |a труды учёных ТПУ 
610 1 |a водоподготовка 
610 1 |a водоснабжение 
610 1 |a водоотведение 
610 1 |a ЛИС 
610 1 |a ЛИУС 
610 1 |a Химик-аналитик 
700 1 |a Терещенко  |b А. Г.  |c химик-технолог  |c заведующий лабораторией Томского политехнического университета, кандидат технических наук  |f 1946-  |g Анатолий Георгиевич  |3 (RuTPU)RU\TPU\pers\25305  |9 11303 
701 1 |a Юнак  |b А. Л.  |c специалист в области информатики и вычислительной техники  |c ведущий программист Томского политехнического университета  |f 1946-  |g Александр Львович  |3 (RuTPU)RU\TPU\pers\26496 
801 2 |a RU  |b 63413507  |c 20140426  |g RCR 
856 4 |u http://elibrary.ru/item.asp?id=17950496& 
942 |c CF